000 01396njm a22002657a 4500
005 20100910100738.0
007 sd ammalaaahaa
008 100910t xxu||||| |||| 00| 0 hin d
028 _aN. 55675
_bHis Master's Voice
035 _aGR-01843
040 _aSED/VEN
100 _aMangeshkar, Lata
_919310
245 _aBaharon ki manzil :
_cby Lata Mangeshkar ; music by Laxmikant Pyarelal ; lyric by Majrooh
_h[sound recording] :
_bHindustani /
246 _aबहारों की मंजिल (लता मंगेशकर )
260 _aDum Dum India
_bHis Master's Voice
_c1968
300 _a1 sound disc [Gramophone record] :
_banalog, 33 1/3 rpm
_c10 in.
_fGramophone Record
500 _aBrief Record
505 _aYeh daman ab part 1 (Baharon ki manzil) (Lata Mangeshkar) यह दामन अब पार्ट १ (बहारों की मंजिल) (लता मंगेशकर ) janam din aaya part 2 (Bharon ki manzil) (Lata Mangeshkar & Chorus) जनम दिन आया पार्ट 2 (बहारों की मंजिल ) (लता मंगेशकर & चोरुस )
650 _aClassical Music
_xExcerpts
_zIndia
_919311
700 _aLaxmikant Pyarelal
_919312
700 _aMajrooh
_919313
700 _919314
942 _2ddc
_cGR
999 _c44975
_d44975